000 00408cam a22001457a 4500
008 180718b2000 xxu||||| |||| 00| 0 eng d
020 _a8171696171
082 _aD D451
100 _aDesai, Jatin
245 _aKargil and Pakistan politics
_cby Jatin Desai
260 _aNew Delhi
_bCommonwealth
_c2000
300 _a408p.
650 _aIndia - Foreign relations - Pakistan
650 _aKargil conflict, 1999
999 _c394920
_d394920